The Horse and the Infant (EPIC: The Musical) - All Lyrics - Statistics

General Stats
  • This quiz has been taken 48 times
  • The average score is 386 of 445
Answer Stats
Character Lyric % Correct
ZEUS A
100%
a
100%
brothers
100%
make
100%
ODYSSEUS Make
100%
my
100%
pay
100%
the
100%
ZEUS | ZEUS & GODS The
100%
to
100%
Tonight
100%
Trojans
100%
we
100%
years
100%
ODYSSEUS Alright
97%
an
97%
and
97%
closely
97%
I
97%
Kill
97%
kill
97%
listen
97%
of
97%
Ten
97%
they
97%
us
97%
we'll
97%
well
97%
who
97%
Who
97%
you
97%
ZEUS You
97%
be
94%
he
94%
ZEUS & GODS He
94%
is
94%
no
94%
now
94%
on
94%
One
94%
one
94%
Sir
94%
slay
94%
slowly
94%
Think
94%
think
94%
war
94%
what
94%
What
94%
will
94%
wives
94%
SOLDIERS Yes
94%
been
90%
But
90%
by
90%
children
90%
Do
90%
do
90%
grow
90%
Hector
90%
her
90%
killed
90%
lead
90%
me
90%
ones
90%
say
90%
ODYSSEUS Say
90%
where
90%
you'll
90%
your
90%
Your
90%
you've
90%
again
87%
Ajax
87%
as
87%
avenge
87%
back
87%
charge
87%
come
87%
father
87%
Fight
87%
fight
87%
ODYSSEUS Find
87%
find
87%
for
87%
go
87%
guards
87%
here
87%
little
87%
own
87%
GODS | ODYSSEUS Penelope
87%
protect
87%
right
87%
see
87%
son
87%
stay
87%
Telemachus
87%
them
87%
ZEUS This
87%
this
87%
vision
87%
wonder
87%
you're
87%
Agamemnon
84%
ZEUS & GODS All
84%
boy
84%
Can
84%
can
84%
city
84%
could
84%
don't
84%
Don't
84%
families
84%
flank
84%
Gods
84%
have
84%
Helen
84%
him
84%
ODYSSEUS I'm
84%
infant
84%
it
84%
ODYSSEUS It's
84%
just
84%
know
84%
Know
84%
live
84%
raise
84%
sure
84%
take
84%
that
84%
threat
84%
was
84%
age
81%
any
81%
at
81%
avenger
81%
avoid
81%
away
81%
Cannot
81%
cannot
81%
consumed
81%
ODYSSEUS Diomedes
81%
does
81%
end
81%
far
81%
foe
81%
from
81%
goodbye
81%
his
81%
ZEUS & GODS If
81%
known
81%
more
81%
Neo
81%
never
81%
none
81%
other
81%
outrun
81%
Prince
81%
rage
81%
ready
81%
save
81%
someone's
81%
sort
81%
still
81%
than
81%
Troy's
81%
won't
81%
yet
81%
attack
77%
ODYSSEUS Attack
77%
dealt
77%
home
77%
how
77%
large
77%
left
77%
mission
77%
Nestor
77%
old
77%
only
77%
past
77%
please
77%
ODYSSEUS Please
77%
run
77%
ODYSSEUS Tell
77%
very
77%
way
77%
whole
77%
with
77%
begging
74%
blood
74%
burn
74%
choose
74%
gates
74%
growing
74%
inner
74%
knees
74%
our
74%
pose
74%
pride
74%
secure
74%
something
74%
strength
74%
They're
74%
through
74%
whose
74%
anyone
71%
Ask
71%
before
71%
every
71%
faced
71%
hands
71%
ZEUS & GODS He'll
71%
house
71%
imminent
71%
inside
71%
lose
71%
ODYSSEUS Or
71%
Unlike
71%
yourself
71%
ambush
68%
pain
68%
send
68%
Use
68%
wherever
68%
wish
68%
try
65%
let
61%
shoot
61%
Teucer
61%
throne
61%
ODYSSEUS I'd
58%
mates
58%
bleed
55%
Menelaus
55%
rather
55%
down
48%
bringing
29%
ZEUS & GODS We're
26%
fumed
13%
No matching quizzes found
Score Distribution
Percent of People with Each Score
Percentile by Number Answered
Your Score History
You have not taken this quiz